000 00888 a2200205 4500
003 Nust
005 20221206122509.0
010 _a 82010922
020 _a0471089192 :
040 _cNust
082 0 0 _a621.38153,JOH
100 1 _aJohnson, Robert A.,
_9104225
245 1 0 _aMechanical Filters in Electronics /
_cRobert A. Johnson.
260 _aNew York :
_bWiley,
_cc1983.
300 _axvi, 379 p. :
_bill. ;
_c25 cm.
440 0 _aWiley series on filters
_9104226
505 _aIntroduction (Page-1), Electromechanical Transducers (Page-17), Resonators and Coupling Elements (Page-66), Circuits Design Methods (Page-130), Mechanical Design (Page-204), Manufacturing (Page-232), Applications of Mechanical Filters (Page-271), Specifying and Testing Mechanical Filters (Page-310), Using Mechanical Filters (Page-344).
650 0 _aTelecommunication Engineering
942 _2ddc
_cBK
999 _c182079
_d182079